Cada niño una excepción (Record no. 83481)
[ view plain ]
| 000 -LEADER | |
|---|---|
| campo de control de longitud fija | 00616nam a2200181 i 4500 |
| 001 - NÚMERO DE CONTROL | |
| campo de control | 83481 |
| 003 - IDENTIFICADOR DE NÚMERO DE CONTROL | |
| campo de control | ES-MaACL |
| 005 - FECHA Y HORA DE LA ÚLTIMA TRANSACCIÓN | |
| campo de control | 20230906174833.0 |
| 007 - CAMPO FIJO DE DESCRIPCIÓN FÍSICA--INFORMACIÓN GENERAL | |
| campo de control de longitud fija | t| |
| 008 - DATOS DE LONGITUD FIJA--INFORMACIÓN GENERAL | |
| campo de control de longitud fija | 041117s1981 sp ||||1| spa d |
| 100 1# - ENTRADA PRINCIPAL--NOMBRE DE PERSONA | |
| Nombre de persona | Jackson, Brian. |
| 9 (RLIN) | 65804 |
| 245 10 - MENCIÓN DEL TÍTULO | |
| Título | Cada niño una excepción |
| Resto del título | : (cómo motivar las aptitudes infantiles) / |
| Mención de responsabilidad, etc. | Brian Jackson ; [prólogo por Antonio Cambrodí ; versión, Pilar Carro Martínez]. |
| 260 ## - PUBLICACIÓN, DISTRIBUCIÓN, ETC. | |
| Lugar de publicación, distribución, etc. | Madrid : |
| Nombre del editor, distribuidor, etc. | Morata, |
| Fecha de publicación, distribución, etc. | [1981] |
| 300 ## - DESCRIPCIÓN FÍSICA | |
| Extensión | 167 p. ; |
| Dimensiones | 21 cm. |
| 700 1# - ENTRADA AGREGADA--NOMBRE PERSONAL | |
| Nombre de persona | Cambrodi, Antonio. |
| 9 (RLIN) | 34046 |
| 700 1# - ENTRADA AGREGADA--NOMBRE PERSONAL | |
| Nombre de persona | Carro Martínez, Pilar. |
| 9 (RLIN) | 35833 |
| 852 ## - LOCALIZACIÓN | |
| Ubicación | ES-MaACL |
| Número de control de estantería | L-1862 |
| Sublocalización o colección | R.102395 |
| Estatus retirado | Estado de pérdida | Estado de daño | No para préstamo | Biblioteca de origen | Biblioteca actual | Ubicación en estantería | Fecha de adquisición | Fuente de adquisición | Total de préstamos | Signatura topográfica completa | Código de barras | Visto por última vez | Precio de reemplazo | Tipo de ítem Koha |
|---|---|---|---|---|---|---|---|---|---|---|---|---|---|---|
| Biblioteca del Ateneo de Madrid | Biblioteca del Ateneo de Madrid | Depósito 2 | 17/01/2008 | L-1862 | 1087253 | 23/02/2023 | 23/02/2023 | Libro impreso |
